[Event "AUS-ch Major"]
[Site "Cammeray"]
[Date "2018.01.12"]
[Round "11"]
[White "Dias, Douglas"]
[Black "Lane, Ryan"]
[Result "0-1"]
[WhiteElo "1509"]
[BlackElo "1726"]
[PlyCount "68"]
[EventDate "2018.01.02"]
[EventType "swiss"]
[EventRounds "11"]
[EventCountry "AUS"]
[SourceTitle "CBM 182 Extra"]
[Source "ChessBase"]
[SourceDate "2018.02.23"]
[SourceVersion "1"]
[SourceVersionDate "2018.02.23"]
[SourceQuality "1"]

1. d4 Nf6 2. c4 g6 3. Nc3 Bg7 4. e4 0-0 5. Nf3 d6 6. Be2 e5 7. 0-0 Nc6 8. d5 Ne7 9. b4 Nh5 10. Re1 Nf4 11. Bf1 f5 12. g3 Nh5 13. Ng5 f4 14. g4 Nf6 15. f3 c6 16. Qb3 h6 17. Ne6 Bxe6 18. dxe6 Qc8 19. c5 d5 20. exd5 Nfxd5 21. Bb2 Qxe6 22. Bc4 Kh8 23. Ne4 Nc8 24. Re2 b5 25. cxb6 Ncxb6 26. Rae1 Rfe8 27. Nc5 Qd6 28. Bd4 Nxb4 29. Bxe5 Qxc5+ 30. Kg2 Bxe5 31. a3 Qxc4 32. Qxb4 Qxb4 33. axb4 Nc4 34. Re4 Ne3+ 0-1

[Event "AUS-ch Major"]
[Site "Cammeray"]
[Date "2018.01.03"]
[Round "3"]
[White "Dias, Douglas"]
[Black "Phan, Nguyen Mai Chi"]
[Result "0-1"]
[WhiteElo "1509"]
[BlackElo "2122"]
[PlyCount "48"]
[EventDate "2018.01.02"]
[EventType "swiss"]
[EventRounds "11"]
[EventCountry "AUS"]
[SourceTitle "CBM 182 Extra"]
[Source "ChessBase"]
[SourceDate "2018.02.23"]
[SourceVersion "1"]
[SourceVersionDate "2018.02.23"]
[SourceQuality "1"]

1. d4 d5 2. c4 c6 3. cxd5 cxd5 4. Bf4 Nc6 5. e3 Nf6 6. Nc3 a6 7. Bd3 e6 8. Nf3 Be7 9. a3 b5 10. b4 Bb7 11. Qc2 Rc8 12. Nd2 Nd7 13. Nb3 Nxb4 14. axb4 Bxb4 15. Rc1 Rxc3 16. Qxc3 Bxc3+ 17. Rxc3 0-0 18. Rc7 e5 19. Rxb7 exf4 20. 0-0 Qc8 21. Na5 Nf6 22. exf4 Qc3 23. Be2 Qxa5 24. Rc1 Qd2 0-1

[Event "Oceania zt 3.6"]
[Site "Auckland"]
[Date "2017.01.14"]
[Round "1"]
[White "Dias, Douglas"]
[Black "Fan, Allen Chi Zhou"]
[Result "0-1"]
[WhiteElo "1399"]
[BlackElo "1952"]
[PlyCount "78"]
[EventDate "2017.01.14"]
[EventType "swiss"]
[EventRounds "9"]
[EventCountry "NZL"]
[SourceTitle "EXT 2018"]
[Source "ChessBase"]
[SourceDate "2017.10.13"]
[SourceVersion "1"]
[SourceVersionDate "2017.10.13"]
[SourceQuality "1"]

1. e4 Nf6 2. e5 Nd5 3. d4 d6 4. Nf3 dxe5 5. Nxe5 c6 6. Be2 Bf5 7. 0-0 Nd7 8. Nf3 e6 9. Nh4 Qxh4 10. a3 Bd6 11. g3 Qe7 12. c4 N5f6 13. Nc3 Ne4 14. Re1 Nxc3 15. bxc3 Nf6 16. d5 0-0 17. Bf3 Rad8 18. Qa4 cxd5 19. cxd5 Qc7 20. Bg5 Be5 21. Qxa7 h6 22. Bxf6 Bxf6 23. dxe6 Bxe6 24. Rac1 Bg5 25. Rb1 Qxc3 26. Qxb7 Bf5 27. Be4 Rfe8 28. h4 Bd2 29. Re2 Bg4 30. f3 Rxe4 31. Qxe4 Bxf3 32. Qe7 Qd4+ 33. Kh2 Bxe2 34. Qxe2 Qd3 35. Qe7 Bf4 36. gxf4 Qc2+ 37. Kh3 Rd3+ 38. Kg4 Qg2+ 39. Kf5 Rd5+ 0-1